<?xml version="1.0" encoding="UTF-8"?>
<collection xmlns="http://www.loc.gov/MARC21/slim">
 <record>
  <leader>04108naa a2200277 a 4500</leader>
  <controlfield tag="001">1/42795</controlfield>
  <controlfield tag="008">120717s2005    ne a     b    001 0 eng d</controlfield>
  <datafield tag="020" ind1=" " ind2=" ">
   <subfield code="a">9780750665322 (e-book : PDF)</subfield>
  </datafield>
  <datafield tag="035" ind1=" " ind2=" ">
   <subfield code="l">45670</subfield>
  </datafield>
  <datafield tag="040" ind1=" " ind2=" ">
   <subfield code="a">OPELS</subfield>
   <subfield code="c">OPELS</subfield>
   <subfield code="d">OPELS</subfield>
   <subfield code="d">GR-PeUP</subfield>
  </datafield>
  <datafield tag="041" ind1="0" ind2=" ">
   <subfield code="a">eng</subfield>
  </datafield>
  <datafield tag="100" ind1="1" ind2=" ">
   <subfield code="a">Agar, Christopher.</subfield>
  </datafield>
  <datafield tag="245" ind1="1" ind2="0">
   <subfield code="a">Capital investment &amp; financing</subfield>
   <subfield code="h">[electronic resource] :</subfield>
   <subfield code="b">a practical guide to financial evaluation /</subfield>
   <subfield code="c">Christopher Agar.</subfield>
  </datafield>
  <datafield tag="260" ind1=" " ind2=" ">
   <subfield code="a">Amsterdam ;</subfield>
   <subfield code="a">London :</subfield>
   <subfield code="b">Elsevier,</subfield>
   <subfield code="c">c2005.</subfield>
  </datafield>
  <datafield tag="300" ind1=" " ind2=" ">
   <subfield code="a">Ένα html e-book.</subfield>
  </datafield>
  <datafield tag="504" ind1=" " ind2=" ">
   <subfield code="a">Περιέχει βιβλιογραφία και ευρετήριο.</subfield>
  </datafield>
  <datafield tag="505" ind1="0" ind2=" ">
   <subfield code="a">List of Equations. Examples, and Exhibits. Preface. Chapter 1 - CAPITAL INVESTMENT: Introduction. Capital Expenditure on Tangible Assets. Acquisitions an Overview. Corporate Valuation. Acquisition Structuring and Evaluation. Chapter 2 - CAPITAL RAISING: Introduction. Debt. Equity. Chapter 3 - CAPITAL MANAGEMENT: Introduction. Long Term Capital Management. Short Term Capital Management. Chapter 4 - FINANCIAL RISK MANAGEMENT: Introduction. Interest Rate Risk. Currency Risk. Appendix A Financial Ratios. Appendix B Pricing Techniques. Appendix C Leasing. Appendix D Examples. Bibliography. Index.</subfield>
  </datafield>
  <datafield tag="520" ind1=" " ind2=" ">
   <subfield code="a">The requirement to maximise value for shareholders is at the core of any corporate investment or financing decision. The intrinsic value of proposed investments should be assessed before deciding how much capital to allocate; the benefits and risks associated with each available source of finance should be considered when capital is being raised; and capital, and any associated financial risks, should be managed in a way that continues to maximise value. At every stage, an analysis should be carried out to ensure the decision is optimal for shareholders and other capital providers. This book provides practical guidance on the application of financial evaluation techniques and methods (mainly covered in Appendices), as well as comprehensive coverage of traditional corporate finance topics, discussed in the context of capital investment, raising and management and financial risk management (using derivatives). Models, formulae and other quantitative techniques are illustrated in over 100 examples (using only basic mathematics). Topics discussed include the following: * business appraisal using financial ratios * corporate valuation (mainly discounted cash flow and real options) *investment appraisal techniques * acquisition structuring and evaluation * the nature of loans and loan agreements * features and pricing of bonds (straight and convertible) * leasing (including leveraged leasing) * equity raising (Initial Public Offerings) * long and short term capital management * basic pricing of derivatives (forwards, futures, options, swaps) * interest rate and currency risk management using derivatives Capital Investment &amp; Financing provides a comprehensive, in-depth coverage of concepts, methods and techniques involved when evaluating acquisitions and other investments, assessing financing opportunities, and managing capital. The core chapters provide practical guidance on key corporate finance topics; the Appendices contain more quantitative material, focusing on pricing techniques. Examples are used throughout, and an integrated case study (fictional) in the final Appendix uses many of the techniques discussed. *Discusses all key areas of corporate investing and financing, focusing on key financial issues *Concise, thorough and technical, it enables to reader to acquire knowledge effectively *Can be used in everyday analysis and decision making.</subfield>
  </datafield>
  <datafield tag="533" ind1=" " ind2=" ">
   <subfield code="a">Ηλεκτρονικό βιβλίο</subfield>
   <subfield code="n">Τρόπος πρόσβασης μέσω διαδικτύου.</subfield>
  </datafield>
  <datafield tag="650" ind1=" " ind2="4">
   <subfield code="a">Capital investments.</subfield>
  </datafield>
  <datafield tag="650" ind1=" " ind2="4">
   <subfield code="a">Corporations</subfield>
   <subfield code="x">Finance.</subfield>
  </datafield>
  <datafield tag="650" ind1=" " ind2="4">
   <subfield code="a">Entreprises</subfield>
   <subfield code="x">Finances.</subfield>
  </datafield>
  <datafield tag="655" ind1=" " ind2="4">
   <subfield code="a">Electronic books.</subfield>
  </datafield>
  <datafield tag="852" ind1=" " ind2=" ">
   <subfield code="a">INST</subfield>
   <subfield code="b">UNIPILB</subfield>
   <subfield code="c">EBOOKS</subfield>
   <subfield code="e">20120717</subfield>
   <subfield code="p">00b45670</subfield>
   <subfield code="q">00b45670</subfield>
   <subfield code="t">ONLINE</subfield>
   <subfield code="y">0</subfield>
  </datafield>
  <datafield tag="856" ind1="4" ind2="0">
   <subfield code="u">http://www.sciencedirect.com/science/book/9780750665322</subfield>
  </datafield>
  <datafield tag="856" ind1="4" ind2=" ">
   <subfield code="d">/webopac/covers/03/45670_9780750665322.jpg</subfield>
   <subfield code="z">(e-book : PDF)</subfield>
  </datafield>
 </record>
</collection>
